MARC

LEADER 00000nam a2200000Ia 4500
001 12207
003 Arxiu
005 20260324175614.0
008 160829s1999 spc xx s cat c
020 |a 84-7794-600-0 
040 |a AGDB 
080 |a M-2-90 
100 1 |a Abellà, Anna  |9 34892 
245 1 0 |a Manual per a la comunicació d'obres municipals /  |c  Anna Abellà, Antoni Fernández, Francesc Navarro 
260 |a Barcelona :  |b Diputació de Barcelona, Àrea de Cooperació, Oficina Tècnica de Cooperació,  |c 1999 
300 |a 59 p. ;  |c 24 cm 
490 1 |a OTC manuals de gestió ;   |v 11 
650 |a Obres públiques   |9 38683 
650 |a Informació oficial  |9 34893 
700 |a Fernández, Antoni   |9 34894 
700 |a Navarro, Francesc   |9 34895 
710 |a Barcelona (Catalunya : Província).  |b Oficina Tècnica de Cooperació  |9 53580 
830 0 |9 56040  |a OTC manuals de gestió  |v 11 
901 |a Arxiu 
942 |n 1  |2 udc  |c ARXIU 
952 |0 0  |1 0  |4 0  |6 M290  |7 1  |9 46687  |a Arxiu  |b Arxiu  |d 2016-12-01  |l 0  |o M-2-90  |p 12207  |r 2016-12-01 00:00:00  |w 2016-12-01  |y ARXIU 
999 |c 50480  |d 50480